Lenguas romances en España desde una perspectiva sociolingüística y política diplomová práca

Salvato in:
Dettagli Bibliografici
Autore principale: Masárová, Ivana
Ente Autore: Fakulta aplikovaných jazykov EU v Bratislave. Katedra románskych a slovanských jazykov
Altri autori: Keresty, Ján, 1980-
Natura: Libro
Lingua:spagnolo
Pubblicazione: Bratislava 2024
Tags: Aggiungi Tag
Nessun Tag, puoi essere il primo ad aggiungerne!!

MARC

LEADER 00000nbm a2200000 4500
001 0300596
005 20250327134820.3
041 0 |a spa 
044 |a SK 
245 1 0 |a Lenguas romances en España desde una perspectiva sociolingüística y política  |b diplomová práca  |c Ivana Masárová ; školiteľ: Ján Keresty 
264 1 |a Bratislava  |c 2024 
300 |a 72 s. 
100 1 |a Masárová, Ivana 
700 1 |a Keresty, Ján, 1980- 
710 2 |a Fakulta aplikovaných jazykov EU v Bratislave. Katedra románskych a slovanských jazykov